|
|
|
|
| LEADER |
00930nam a2200217 a 4500 |
| 001 |
3242498 |
| 008 |
100413s1979 ii a 000 0 eng d |
| 010 |
|
|
|a 79907266
|
| 020 |
|
|
|c Rs10.00
|
| 040 |
|
|
|a DLC
|c DLC
|d DLC
|d BD-DhAAL
|
| 082 |
0 |
0 |
|a 307.7/2/0954
|2 19
|
| 110 |
2 |
|
|a Indian Social Institute.
|b Mobile Orientation and Training Team.
|
| 245 |
1 |
0 |
|a Moving closer to the rural poor :
|b shared experiences of the Mobile Orientation and Training Team.
|
| 260 |
|
|
|a New Delhi :
|b Mobile Orientation & Training Team, Indian Social Institute,
|c 1979.
|
| 300 |
|
|
|a 95 p. :
|b ill. ;
|c 23 cm.
|
| 541 |
1 |
|
|e 00000996
|
| 650 |
|
0 |
|a Rural development
|z India.
|
| 650 |
|
0 |
|a Rural poor
|z India.
|
| 852 |
4 |
|
|a Ayesha Abed Library
|j General shelf
|
| 999 |
|
|
|c 8119
|d 8119
|
| 952 |
|
|
|0 0
|1 0
|2 ddc
|4 0
|6 307_720954000000000_MOV_1979
|7 0
|9 9267
|a BRACUL
|b BRACUL
|c GEN
|d 2010-04-18
|g 0.00
|l 0
|o 307.720954 MOV
|p 3010000996
|r 2010-04-18
|t 1
|w 2010-04-18
|y BK
|z Not price in Register
|